[Event "Vitrobud op"]
[Site "Sandomierz"]
[Date "1976.??.??"]
[Round "10"]
[White "Gaprindashvili, Nona"]
[Black "Schinzel, Wladyslaw"]
[Result "1-0"]
[WhiteElo "2425"]
[BlackElo "2370"]

1.e4 c5 2.Nf3 Nc6 3.d4 cxd4 4.Nxd4 g6 5.Be2 Bg7 6.Nb3 Nf6 7.Nc3 O-O 8.O-O d6
9.Bg5 a5 10.a4 Be6 11.Kh1 Nd7 12.Rb1 Bxb3 13.cxb3 Nc5 14.f3 Ne6 15.Bh4 Ned4
16.Bc4 Kh8 17.Nd5 Rc8 18.Qd2 f5 19.Rbe1 Re8 20.Bg5 Ne5 21.exf5 Nxf5 22.Bb5 Nc6
23.g4 Nfd4 24.Bc4 Rb8 25.Re4 Qd7 26.Nxe7 d5 27.Nxd5 Rxe4 28.fxe4 Qxg4 29.Qg2 Ne5
30.Qxg4 Nxg4 31.Kg2 h6 32.Bd2 Nc6 33.Bc3 Nge5 34.Bb5 Kh7 35.h3 Rf8 36.Rxf8 Bxf8
37.Nf6+ Kh8 38.Nd7 Bg7 39.Nxe5 Nxe5 40.Bxa5 Kg8 41.Bc3 Kf7 42.Kf2 Ke6 43.Ke3 Bf6
44.Ke2 h5 45.Be8 h4 46.Ke3 g5 47.Bh5 Be7 48.b4 Nc4+ 49.Ke2 Bd6 50.Bg4+ Ke7
51.a5 Bf4 52.b5 Nd6  1-0

[Event "DSV-Turnier"]
[Site "Leipzig"]
[Date "1977.??.??"]
[Round "2"]
[White "Boensch, Uwe"]
[Black "Gaprindashvili, Nona"]
[Result "0-1"]
[WhiteElo "2440"]
[BlackElo "2430"]

1.Nf3 Nf6 2.c4 e6 3.g3 b6 4.Bg2 Bb7 5.O-O Be7 6.b3 O-O 7.Bb2 d6 8.Nc3 Nbd7
9.Re1 c5 10.e4 Qc7 11.d4 cxd4 12.Nxd4 a6 13.h3 Rfe8 14.Rc1 Rad8 15.Nc2 Qb8
16.Ne3 Nc5 17.Qc2 Rc8 18.b4 Ncd7 19.Qb3 Qa8 20.Nf1 Ne5 21.Na4 Bd8 22.Bxe5 dxe5
23.Nd2 Nd7 24.c5 b5 25.Nc3 Nb8 26.Nf3 Nc6 27.Red1 Bf6 28.a4 bxa4 29.Nxa4 Rcd8
30.Nb6 Qb8 31.Nc4 Rxd1+ 32.Rxd1 Rd8 33.Rxd8+ Bxd8 34.Nd6 Ba8 35.Qc4 Be7 36.Qxa6 Nxb4
37.Qc4 Nc6 38.Qa6 h6 39.Bf1 Nb4 40.Qa5 Bxd6 41.cxd6 Bxe4 42.d7 Nc6 43.Qa6 Qd6
44.Qc8+ Kh7 45.Be2 Qd5 46.Nh4 Qd2 47.Bf3 Qe1+ 48.Kg2 g5 49.Qxc6 Bxc6 50.d8=Q e4
51.Qf6 exf3+ 52.Nxf3 Kg8 53.Qxh6 Qe5 54.Qh5 Qf5  0-1

[Event "DSV-Turnier+"]
[Site "Leipzig"]
[Date "1977.??.??"]
[Round "3"]
[White "Gaprindashvili, Nona"]
[Black "Uhlmann, Wolfgang"]
[Result "1-0"]
[WhiteElo "2430"]
[BlackElo "2555"]

1.e4 e6 2.d4 d5 3.Nc3 Bb4 4.e5 Ne7 5.a3 Bxc3+ 6.bxc3 c5 7.Nf3 Bd7 8.Bd3 Ba4
9.O-O Qc7 10.Re1 h6 11.Nh4 Nd7 12.f4 O-O-O 13.Nf3 Kb8 14.Be3 Qa5 15.Qd2 Rc8
16.Rab1 cxd4 17.Nxd4 Nc5 18.Rb4 Rhd8 19.Reb1 Rd7 20.f5 Ne4 21.Qe1 Nc5 22.fxe6 fxe6
23.Qf2 Rdc7 24.Bb5 Bxb5 25.Nxb5 Rc6 26.Bxc5 Rxc5 27.Nd6 b6 28.Nxc8 Kxc8 29.Qf8+ Kd7
30.Qxg7 Rxc3 31.Rf4 Rxc2 32.Rbf1 Qc5+ 33.Kh1 Rc1 34.h4 Qe3 35.Kh2 Re1 36.Rxe1 Qxf4+
37.Qg3 Qc4 38.Qf2 Nf5 39.Rf1 Qxh4+ 40.Qxh4 Nxh4 41.Rf7+ Kc6 42.Rf6 d4 43.Rxh6 Nf5
44.Rxe6+ Kd5 45.Re8 Ng7 46.Re7 Nf5 47.Rxa7 Kxe5 48.Kg1 d3 49.Kf2 Kd6 50.Ra8 Kc7
51.Ra4  1-0

[Event "DSV-Turnier"]
[Site "Leipzig"]
[Date "1977.??.??"]
[Round "4"]
[White "Hesse, Peter"]
[Black "Gaprindashvili, Nona"]
[Result "1/2-1/2"]
[WhiteElo "2415"]
[BlackElo "2430"]

1.d4 Nf6 2.Nf3 g6 3.c4 c5 4.Nc3 Bg7 5.d5 d6 6.e4 b5 7.cxb5 O-O 8.Qc2 a6 9.bxa6 Qa5
10.Bd2 Bxa6 11.Be2 Bxe2 12.Kxe2 Ng4 13.Rhc1 Qa6+ 14.Ke1 Nd7 15.Bf4 Rfb8 16.h3 Ngf6
17.Rab1 Rb4 18.a3 Rb7 19.Qe2 Nh5 20.Qxa6 Rxa6 21.Bg5 Ne5 22.Nxe5 Bxe5 23.Kd1 Bf4
24.Bxf4 Nxf4 25.g3 Nd3 26.Rc2 f5 27.exf5 gxf5 28.Ke2 Ne5 29.Rbc1 Rb3 30.f4 Nd7
31.g4 Nf6 32.gxf5 Kf7 33.Rd1 Ra8 34.Kf2 Nh5 35.Re1 Nxf4 36.Re3 Rg8 37.Kf3 Nxh3
38.Rh2 Ng5+ 39.Kf4 h6 40.Rxh6 Rxb2 41.Rg6 Rxg6 42.fxg6+ Kxg6 43.Rxe7 Rb3
44.Re3 Rxa3 45.Rg3 Kh6 46.Kf5 Ra1 47.Kf6  1/2-1/2

[Event "DSV-Turnier"]
[Site "Leipzig"]
[Date "1977.??.??"]
[Round "5"]
[White "Gaprindashvili, Nona"]
[Black "Smejkal, Jan"]
[Result "1/2-1/2"]
[WhiteElo "2430"]
[BlackElo "2575"]

1.e4 e5 2.Nf3 Nc6 3.Bb5 a6 4.Ba4 Nf6 5.d4 exd4 6.O-O Be7 7.Re1 b5 8.e5 Nxe5
9.Rxe5 d6 10.Re1 bxa4 11.Nxd4 Bd7 12.Qf3 O-O 13.Nc6 Bxc6 14.Qxc6 Nd7 15.Nc3 Bf6
16.Nd5 a3 17.Nxf6+ Qxf6 18.Qxd7 axb2 19.Bxb2 Qxb2 20.Qxc7 d5 21.Qa5 d4 22.Qa4 Rac8
23.Rab1 Qxc2 24.Qxd4 Qxa2 25.Ra1 Rfe8 26.Rxe8+ Rxe8 27.h3 Qe6 28.Qa7 Rc8
29.Rxa6 Rc1+ 30.Kh2 Qe5+ 31.g3 h6 32.Rc6 Rxc6  1/2-1/2

[Event "DSV-Turnier"]
[Site "Leipzig"]
[Date "1977.??.??"]
[Round "7"]
[White "Gaprindashvili, Nona"]
[Black "Fischer, Joan"]
[Result "0-1"]
[WhiteElo "2430"]
[BlackElo "2420"]

1.e4 d6 2.d4 Nf6 3.Nc3 g6 4.Nf3 Bg7 5.Be2 O-O 6.O-O c6 7.a4 Qa5 8.Re1 Nbd7
9.d5 Nc5 10.Bf1 Bg4 11.h3 Bxf3 12.Qxf3 Rfe8 13.Bd2 Qc7 14.a5 cxd5 15.exd5 a6
16.Nd1 b5 17.axb6 Qxb6 18.Bc3 a5 19.Ne3 a4 20.Nc4 Qc7 21.Re3 Nfd7 22.Bxg7 Kxg7
23.Rae1 Nf6 24.g4 Ng8 25.Qf4 Rf8 26.Qd4+ f6 27.Na3 Nd7 28.Bb5 Qc5 29.Qd2 Ne5
30.c4 f5 31.g5 f4 32.Rxe5 dxe5 33.Rxe5 h6 34.h4 Qc8 35.Re6 hxg5 36.Qc3+ Kh7
37.hxg5 Rf5 38.Qh3+ Kg7 39.Qh4 Rb8 40.Ba6 Qc5 41.Nb5 Qxc4 42.Nc3 Qd4 43.Re4 Qd2
44.d6 Qxd6 45.Bc4 Qc5 46.Nxa4 Rxg5+ 47.Kf1 Qf5 48.Qxf4 Qxf4 49.Rxf4 Nf6 50.b3 Rf5
51.Rxf5 gxf5 52.Nc5 e5 53.Ke2 Kg6 54.f4 e4 55.Ne6 Nd7 56.Ke3 Nb6 57.Be2 Rc8
58.Kd4 Kf6 59.Ng5 Rd8+ 60.Kc5 Nd5 61.Nh3 Nc3 62.Bc4 e3 63.Ng1 Rd1 64.Nf3 e2  0-1

[Event "DSV-Turnier"]
[Site "Leipzig"]
[Date "1977.??.??"]
[Round "8"]
[White "Gaprindashvili, Nona"]
[Black "Peev, Peicho Chonev"]
[Result "0-1"]
[WhiteElo "2430"]
[BlackElo "2460"]

1.e4 g6 2.d4 Bg7 3.Nc3 d6 4.Nf3 c6 5.Be2 Nd7 6.O-O Qc7 7.Be3 Ngf6 8.h3 b5
9.e5 dxe5 10.dxe5 Nxe5 11.Nxe5 Qxe5 12.Bf3 Bb7 13.Re1 O-O 14.Bxa7 Qc7 15.Bc5 Rfd8
16.Qe2 e6 17.Qe3 Nd7 18.Be7 Re8 19.Bh4 f5 20.g4 b4 21.Ne2 Ne5 22.Bg3 Nxf3+
23.Qxf3 Qb6 24.Kh2 c5 25.Qb3 Qc6 26.Rg1 fxg4 27.hxg4 Qf3 28.Nf4 Qxg4 29.Rge1 Kh8
30.Rxe6 g5 31.Rxe8+ Rxe8 32.Qf7 Rf8 33.Qh5 Rxf4  0-1

[Event "DSV-Turnier"]
[Site "Leipzig"]
[Date "1977.??.??"]
[Round "9"]
[White "Malich, Burkhard"]
[Black "Gaprindashvili, Nona"]
[Result "1-0"]
[WhiteElo "2535"]
[BlackElo "2430"]

1.Nf3 Nf6 2.c4 e6 3.d4 b6 4.Nc3 Bb7 5.a3 Be7 6.d5 O-O 7.e4 d6 8.Bd3 Nbd7
9.O-O Re8 10.Re1 Nf8 11.Bc2 N6d7 12.Nd4 Bf6 13.Ba4 a6 14.Be3 Ng6 15.Rc1 Nge5
16.Qe2 Ng6 17.Rcd1 Qe7 18.b4 Rf8 19.Bb3 Kh8 20.Qh5 Rae8 21.Nce2 Bxd4 22.Nxd4 Nf6
23.Qh3 Nxe4 24.Bc1 exd5 25.f3 dxc4 26.Bxc4 d5 27.Bf1 Bc8 28.Qh5 Nf6 29.Rxe7 Nxh5
30.Rxc7 Nhf4 31.b5 axb5 32.Bxb5 Ne6 33.Nxe6 Rxe6 34.Rxd5 Re1+ 35.Kf2 Be6
36.Rd6 Rh1 37.h3 Rb8 38.Bf1 h5 39.Be3 Ra8 40.Rc3 Ne7 41.Bc1 Nd5 42.Rc2 h4
43.Rd2 Rc8 44.Bb2 Ne3 45.Rd8+ Rxd8 46.Rxd8+ Kh7 47.Bd3+ Nf5 48.f4 Kg6 49.Rd6 b5
50.Rb6 Rd1 51.Ke2 Rg1 52.Be4 Kh7 53.Kf2 Rd1 54.Rxb5 g6 55.Rb8 Ng7 56.a4 Bc4
57.a5 Rf1+ 58.Ke3 Rd1 59.Bxg7 Kxg7 60.Rb1 Rxb1 61.Bxb1 f5 62.Bd3 Bd5 63.a6 Bxg2
64.Be2  1-0

[Event "DSV-Turnier"]
[Site "Leipzig"]
[Date "1977.??.??"]
[Round "11"]
[White "Casper, Thomas"]
[Black "Gaprindashvili, Nona"]
[Result "0-1"]
[WhiteElo "2315"]
[BlackElo "2430"]

1.e4 g6 2.Nc3 Bg7 3.g3 e5 4.Bg2 Ne7 5.d3 d6 6.h4 h6 7.Be3 Nbc6 8.Qd2 Bg4
9.Nge2 Nd4 10.Ng1 Qd7 11.Bxd4 exd4 12.Nce2 Qb5 13.c4 dxc3 14.bxc3 d5 15.exd5 Nxd5
16.c4 Qb6 17.d4 Ne7 18.Nf3 O-O 19.O-O Bf5 20.Nf4 Rad8 21.Rad1 c6 22.Rfe1 Qc7
23.d5 cxd5 24.cxd5 Nc8 25.Nd4 Bg4 26.Rb1 Qc5 27.Nb5 Rd7 28.Rec1 Qe7 29.Rb3 a6
30.Re1 Qf6 31.Nc3 Bf5 32.Nd3 Qd4 33.Ne2 Qa7 34.Nef4 Nd6 35.Kh2 Kh7 36.Re2 Rc8
37.Qe1 Qd4 38.Re7 Rcc7 39.Rxd7 Rxd7 40.Nc1 Rc7 41.Nce2 Qc5 42.Re3 b5 43.Nd3 Qb6
44.Ne5 Rc2 45.h5 gxh5 46.Bh3 Bxh3 47.Kxh3 Qc5 48.Nf4 Bxe5 49.Rxe5 Qxf2 50.Qxf2 Rxf2
51.Re7 Rxa2 52.Rd7 Ne4 53.Ne6 Kg6 54.Nf4+ Kh7 55.Ne6 Kg6 56.Nf4+ Kg5 57.Rxf7 Nf2+
58.Kg2 Nd3+ 59.Kh3 Nxf4+ 60.gxf4+ Kg6 61.Ra7 Kf5 62.Rf7+ Ke4 63.d6 Rd2 64.Rf6 b4
65.Rxh6 b3 66.d7 Rxd7 67.Rxa6 Rb7  0-1

[Event "DSV-Turnier"]
[Site "Leipzig"]
[Date "1977.??.??"]
[Round "12"]
[White "Gaprindashvili, Nona"]
[Black "Adamski, Jan"]
[Result "1-0"]
[WhiteElo "2430"]
[BlackElo "2470"]

1.e4 c5 2.Nf3 e6 3.d4 cxd4 4.Nxd4 a6 5.Bd3 Nf6 6.O-O d6 7.Kh1 g6 8.f4 Bg7
9.Nc3 O-O 10.f5 Nc6 11.Nxc6 bxc6 12.e5 dxe5 13.fxg6 fxg6 14.Bg5 Qb6 15.Bxf6 Rxf6
16.Rxf6 Bxf6 17.Qf3 Bg7 18.Rf1 Ra7 19.Ne4 Qd8 20.Qf2 Qe7 21.Qg3 Rd7 22.h4 Rd8
23.h5 Rf8 24.Rxf8+ Kxf8 25.hxg6 hxg6 26.Ng5 Bh6 27.Nf3 Bf4 28.Qxg6 Qf7 29.Qxf7+ Kxf7
30.Be4 c5 31.Kg1 c4 32.Kf2 Kf6 33.Ke2 a5 34.Nd2 Ba6 35.c3 Bb5 36.Bf3 Bh6
37.Be4 Bf4 38.Bb7 Ke7 39.Nb1 Kd6 40.g4 Bc1 41.Kd1 Bxb2 42.Kc2 Ba1 43.Na3 Ba4+
44.Kd2 e4 45.Nxc4+ Kc5 46.Ne3 Kd6 47.Bxe4 Ke5 48.Bc2 Be8 49.g5 Bh5 50.Nc4+ Kd5
51.Nxa5  1-0

[Event "DSV-Turnier"]
[Site "Leipzig"]
[Date "1977.??.??"]
[Round "13"]
[White "Petrosian, Arshak B"]
[Black "Gaprindashvili, Nona"]
[Result "1/2-1/2"]
[WhiteElo "2345"]
[BlackElo "2430"]

1.Nf3 Nf6 2.d4 g6 3.Bf4 Bg7 4.e3 O-O 5.h3 d6 6.Be2 c5 7.c3 cxd4 8.exd4 Nd5
9.Bh2 Bh6 10.O-O Nf4 11.Re1 Qb6 12.b3 e5 13.Bf1 Nc6 14.Nbd2 Qc7 15.Ne4 f6
16.d5 Ne7 17.c4 Bf5 18.Nd4 Qd7 19.Bxf4 Bxf4 20.Ne6 Bxe6 21.dxe6 Qxe6 22.Nxd6 Qd7
23.g3 Bh6 24.Bg2 Rab8 25.Nf7 Bd2 26.Re2 Rxf7 27.Rxd2 Qc8 28.Rd7 Nc6 29.Rxf7 Kxf7
30.Qd5+ Qe6 31.Qc5 Qe7 32.Qxe7+ Kxe7  1/2-1/2

[Event "DSV-Turnier"]
[Site "Leipzig"]
[Date "1977.??.??"]
[Round "14"]
[White "Gaprindashvili, Nona"]
[Black "Bueno Perez, Lazaro"]
[Result "1/2-1/2"]
[WhiteElo "2430"]
[BlackElo "2320"]

1.e4 c5 2.Nf3 Nc6 3.d4 cxd4 4.Nxd4 Nf6 5.Nc3 e5 6.Ndb5 d6 7.Bg5 a6 8.Na3 b5
9.Nd5 Qa5+ 10.Bd2 Qd8 11.Bg5 Qa5+ 12.Bd2 Qd8 13.Nxf6+ Qxf6 14.Bd3 Qg6 15.Qf3 Be7
16.Qg3 Be6 17.c4 b4 18.Nc2 a5 19.Ne3 O-O 20.Nf5 Rfe8 21.Be3 Bf8 22.f3 Qxg3+
23.hxg3 a4 24.Rc1 b3 25.a3 Rec8 26.Bd2 Ra7 27.Kf2 Rac7 28.Ne3 Nd4 29.f4 f6
30.Ba5 Rc6 31.Bd2 Be7 32.Nd5 Bd8 33.Be3 h6 34.Bxd4 exd4 35.f5 Bf7 36.g4 Kf8
37.Rhd1 Ba5 38.Kf3 Bxd5 39.exd5 R6c7 40.Bf1 Re7 41.Rxd4 Rce8 42.c5 dxc5 43.Rxa4 Be1
44.g3 Re3+ 45.Kg2 Rxg3+ 46.Kh2 Rf3 47.Bb5 Ree3  1/2-1/2

[Event "DSV-Turnier"]
[Site "Leipzig"]
[Date "1977.??.??"]
[Round "15"]
[White "Espig, Lutz"]
[Black "Gaprindashvili, Nona"]
[Result "1-0"]
[WhiteElo "2485"]
[BlackElo "2430"]

1.e4 d6 2.d4 Nf6 3.Nc3 g6 4.Nf3 Bg7 5.h3 c6 6.a4 O-O 7.Be3 a5 8.Qd2 Na6 9.Be2 Nb4
10.O-O d5 11.e5 Nd7 12.Bh6 f6 13.Bxg7 Kxg7 14.exf6+ exf6 15.Nd1 Nb6 16.Ne3 Be6
17.c3 Na6 18.Rfe1 Qd7 19.Bd3 Nc7 20.b3 Nc8 21.Re2 Nd6 22.Qc2 Rae8 23.Rae1 Bf7
24.Ng4 Rxe2 25.Qxe2 Re8 26.Qd2 Rxe1+ 27.Nxe1 Qe7 28.Qh6+ Kg8 29.Nf3 Nce8
30.Qf4 Kg7 31.h4 Ne4 32.c4 N8d6 33.Bxe4 Nxe4 34.c5 h5 35.Ne3 Be6 36.Nf1 Bg4
37.Qe3 Kf7 38.N3h2 Bd1 39.Qd3 Bg4 40.f3 Nxc5 41.Qc3 Nxb3 42.Qxb3 Be6 43.Nd2 c5
44.Qb6 cxd4 45.Qxa5 Qd6 46.Nhf1 Bd7 47.Qa7 Qb4 48.a5 Qb5 49.Qxd4 Qxa5 50.Ne4 Qa6
51.Qxd5+ Ke7 52.Qc5+ Kf7 53.Qd4 Ke7 54.Ne3 Qc6 55.Nd5+ Kf7 56.Ndxf6 Qc1+
57.Kh2 Qc7+ 58.Nd6+ Ke6 59.Ne4  1-0

[Event "Lone Pine"]
[Site "Lone Pine"]
[Date "1977.??.??"]
[Round "1"]
[White "Gaprindashvili, Nona"]
[Black "Martinovsky, Eugene"]
[Result "1-0"]
[WhiteElo "2430"]
[BlackElo "2200"]

1.e4 e5 2.Nf3 Nc6 3.Bb5 a6 4.Ba4 d6 5.Bxc6+ bxc6 6.d4 f6 7.Be3 Ne7 8.Nc3 Ng6
9.Qd2 Be7 10.O-O-O Bd7 11.h4 h5 12.Rdg1 Qb8 13.d5 c5 14.Ne1 Qb7 15.g4 hxg4
16.h5 Nf8 17.f3 g5 18.fxg4 Rb8 19.b3 a5 20.Nd3 a4 21.Nb2 axb3 22.cxb3 Bc8
23.Rh2 Qb4 24.Kc2 Nd7 25.Qd3 Ra8 26.Nb5 Rxa2 27.Bd2 c4 28.Bxb4 cxd3+ 29.Kb1 Rxb2+
30.Kxb2 Kd8 31.Na7 Bb7 32.Kc3 f5 33.gxf5 Nf6 34.Kxd3 Nxh5 35.Ke3 Kd7 36.Rgh1 Ra8
37.Rxh5 Rxa7 38.Rh7 Ke8 39.Rh8+ Bf8 40.R1h7 Ra6 41.f6 Rb6 42.Re7+  1-0

[Event "Lone Pine"]
[Site "Lone Pine"]
[Date "1977.??.??"]
[Round "2"]
[White "Gaprindashvili, Nona"]
[Black "Tarjan, James Edward"]
[Result "1-0"]
[WhiteElo "2430"]
[BlackElo "2495"]

1.e4 e5 2.Nf3 Nc6 3.Bb5 a6 4.Ba4 Nf6 5.d4 exd4 6.O-O Be7 7.Re1 O-O 8.e5 Ne8
9.Bf4 f6 10.Bxc6 dxc6 11.Qxd4 Qxd4 12.Nxd4 f5 13.Nf3 h6 14.h4 Be6 15.Nc3 c5
16.Rad1 c6 17.Na4 b5 18.Nb6 Rd8 19.Rxd8 Bxd8 20.Nd7 Bxd7 21.e6 Bc8 22.e7 Bxe7
23.Rxe7 Nf6 24.Ra7 Re8 25.Be3 c4 26.Bd4 f4 27.c3 Kf8 28.Rc7 Ng4 29.Bxg7+ Kg8
30.Ne5 Nxe5 31.Bxe5 Rxe5 32.Rxc8+ Kg7 33.Rc7+ Kg6 34.Rxc6+ Kh5 35.Kf1 a5
36.Rf6 Kg4 37.Rxh6 Rd5 38.Ke2 Re5+ 39.Kd2 Rd5+ 40.Kc2 Re5 41.Rg6+ Kxh4 42.Kd2 b4
43.Rc6 bxc3+ 44.bxc3 Rb5 45.Rxc4 Rb2+ 46.Ke1 Kg5 47.a4 Kf5 48.Kf1 Ra2 49.f3 Ra1+
50.Kf2 Kg5 51.Rd4 Rc1 52.Rc4 Ra1 53.Ke2 Rg1 54.Kd3 Rd1+ 55.Kc2 Rg1 56.Rc5+ Kh4
57.Kd3 Kg3 58.Rg5+ Kf2 59.Ke4 Rc1 60.Kxf4 Rxc3 61.Rg4 Rc8 62.Ke4 Re8+ 63.Kd4 Rd8+
64.Kc5 Rf8 65.Kb6 Rf5 66.f4 Ke3 67.g3  1-0

[Event "Lone Pine"]
[Site "Lone Pine"]
[Date "1977.??.??"]
[Round "4"]
[White "Sahovic, Dragutin"]
[Black "Gaprindashvili, Nona"]
[Result "1/2-1/2"]
[WhiteElo "2460"]
[BlackElo "2430"]

1.d4 Nf6 2.Nf3 e6 3.g3 b6 4.Bg2 Bb7 5.O-O Be7 6.c4 O-O 7.Nc3 d5 8.Ne5 Nbd7
9.Bf4 a6 10.cxd5 exd5 11.Qb3 c6 12.Rfd1 b5 13.Rac1 Nb6 14.Qc2 Qc8 15.Nb1 Nc4
16.Nxc4 bxc4 17.b3 cxb3 18.Qxb3 a5 19.Nc3 Qd7 20.Na4 Ra7 21.Nc5 Bxc5 22.Rxc5 Ba6
23.Qc2 Re8 24.Be5 Ne4 25.Bxe4 dxe4 26.Bf4 Raa8 27.Rd2 a4 28.Rxc6 Bb7 29.Rc7 Qd5
30.Be3 Rec8 31.Rc5 Qd7 32.d5 Rxc5 33.Qxc5 Rc8  1/2-1/2

[Event "Lone Pine"]
[Site "Lone Pine"]
[Date "1977.??.??"]
[Round "5"]
[White "Gaprindashvili, Nona"]
[Black "Lein, Anatoly"]
[Result "1-0"]
[WhiteElo "2430"]
[BlackElo "2525"]

1.e4 e5 2.Nf3 Nc6 3.Bb5 Nf6 4.O-O Nxe4 5.d4 Be7 6.dxe5 O-O 7.Qe2 Nc5 8.Rd1 f6
9.Be3 Ne6 10.Bc4 Qe8 11.Nc3 Kh8 12.Bxe6 dxe6 13.Nb5 Bd8 14.Bc5 Rf7 15.exf6 gxf6
16.Nbd4 Bd7 17.Re1 e5 18.Nxc6 Bxc6 19.Nd4 Rg7 20.f3 Bd7 21.Qe4 Qg8 22.Qxb7 Rc8
23.Ne2 Rxg2+ 24.Kh1 Rg6 25.Rg1 Qc4 26.Rxg6 hxg6 27.Qe4 Qxe4 28.fxe4 a6 29.Nc3 Kg7
30.Kg2 f5 31.Kf3 Bc6 32.Rd1 Bh4 33.Nd5 Kf7 34.c4 Bg5 35.Rg1 Bh4 36.Ke2 Bd7
37.b3 f4 38.Nb4 a5 39.Nd5 Bf6 40.Nxf6 Kxf6 41.h4 Rh8 42.Bf2 Be6 43.Rg5 a4
44.Be1 Re8 45.Bc3 Bf7 46.Kf3 axb3 47.axb3 Rb8 48.b4 Re8 49.Rxe5 Rxe5 50.Kxf4 c5
51.Bxe5+ Ke7 52.bxc5 Bxc4 53.Kg5 Kf7 54.c6 Bb5 55.c7 Ba6 56.Bh2 Bb7 57.Bg3 Bc8
58.Be1 Bb7 59.Ba5 Bc8 60.Bc3 Bb7 61.Bf6 Bc8 62.Bh8 Bb7 63.Ba1 Bc8 64.Bb2 Bb7
65.Ba3 Bc8 66.Bb4 Bb7 67.Kf4 Ke6 68.Ke3 Kd7 69.Ba5 Kd6 70.Kd4 Bc8 71.e5+ Ke6
72.Bb4 Ba6 73.Bd6 Bb7 74.Kc5 Kd7 75.Kb6 Bd5 76.Bb4 Kc8 77.Kc5 Bb3 78.Kd6 Bc4
79.Ba5 Bb3 80.Ke7  1-0

[Event "Lone Pine"]
[Site "Lone Pine"]
[Date "1977.??.??"]
[Round "6"]
[White "Panno, Oscar"]
[Black "Gaprindashvili, Nona"]
[Result "1-0"]
[WhiteElo "2550"]
[BlackElo "2430"]

1.c4 e5 2.Nc3 Nf6 3.Nf3 Nc6 4.e3 Bb4 5.Qc2 Bxc3 6.Qxc3 Qe7 7.a3 a5 8.b3 d5
9.cxd5 Nxd5 10.Qc2 e4 11.Bb5 Bd7 12.Bxc6 bxc6 13.Ng1 O-O 14.Ne2 f5 15.Bb2 Rab8
16.O-O f4 17.Nxf4 Nxf4 18.exf4 Rxf4 19.Rae1 Qe6 20.Re3 Rb5 21.Rfe1 Rg5 22.Rg3 Rxg3
23.hxg3 Rf7 24.Rxe4 Qd5 25.Re5 Qd6 26.Qc3 a4 27.bxa4 c5 28.a5 c4 29.f3 Qg6
30.Kf2 Qd6 31.Qe3 h6 32.Rc5 Re7 33.Be5 Qa6 34.Qd4 Be6 35.Qd8+ Kf7 36.Rxc7  1-0

[Event "Lone Pine"]
[Site "Lone Pine"]
[Date "1977.??.??"]
[Round "7"]
[White "Gaprindashvili, Nona"]
[Black "Shamkovich, Leonid"]
[Result "1-0"]
[WhiteElo "2430"]
[BlackElo "2485"]

1.e4 c5 2.Nf3 e6 3.d4 cxd4 4.Nxd4 a6 5.Bd3 Nf6 6.O-O d6 7.f4 Be7 8.Kh1 Nbd7
9.Nd2 Qc7 10.N2f3 O-O 11.Qe2 Nc5 12.e5 Nxd3 13.Qxd3 dxe5 14.fxe5 Nd7 15.Bf4 b5
16.Rae1 Nc5 17.Qe3 Bb7 18.Ng5 Qd7 19.Rd1 Qd5 20.Ndf3 Qxa2 21.b4 Bxg5 22.Nxg5 Qxc2
23.Qh3 h6 24.bxc5 hxg5 25.Bxg5 Qg6 26.Be7 Rfe8 27.Bd6 Be4 28.Rf4 Bf5 29.Qf3 Qh6
30.Rf1 a5 31.c6 b4 32.c7 Qg6 33.Rc1 Rac8 34.Ra1 Bc2 35.Rxa5 b3 36.Rb5 Qh6
37.h3 Qg6 38.Kh2 Qg5 39.Rxf7 Be4 40.Rxg7+ Kxg7 41.Qxe4 Qf5 42.Qe3 Kf7 43.Rb4 b2
44.Rxb2 Kg7 45.Rf2 Qh5 46.Rf4 Rh8 47.Qg3+  1-0

[Event "Lone Pine"]
[Site "Lone Pine"]
[Date "1977.??.??"]
[Round "8"]
[White "Biyiasas, Peter"]
[Black "Gaprindashvili, Nona"]
[Result "0-1"]
[WhiteElo "2435"]
[BlackElo "2430"]

1.c4 e5 2.Nc3 Nf6 3.Nf3 Nc6 4.g3 Bb4 5.Bg2 O-O 6.O-O Re8 7.Ne1 Bxc3 8.dxc3 e4
9.Nc2 d6 10.Ne3 h6 11.Nd5 Nb8 12.Qd4 Nbd7 13.b3 a5 14.Rd1 b6 15.f3 Bb7 16.fxe4 Ne5
17.Rf1 Nfd7 18.Bf4 a4 19.Qd2 Ng6 20.Be3 Nde5 21.Bd4 Bc6 22.h3 Ra7 23.Kh2 Re6
24.c5 bxc5 25.Bxc5 dxc5 26.Nf6+ Qxf6 27.Rxf6 Rxf6 28.bxa4 Rxa4 29.Qd8+ Kh7
30.Bf3 Nxf3+ 31.exf3 Rxf3 32.Qxc7 Bxe4 33.Qxc5 Rd3 34.a3 Rd2+ 35.Kg1 Rg2+
36.Kf1 Rxg3 37.Re1 Bd3+ 38.Kf2 Rxh3 39.Re3 Rf4+ 40.Kg2 Bf1+ 41.Kg1 Rhh4 42.Rg3 Bc4
43.a4 Rf1+  0-1

[Event "Lone Pine"]
[Site "Lone Pine"]
[Date "1977.??.??"]
[Round "9"]
[White "Gaprindashvili, Nona"]
[Black "Peters, John A"]
[Result "1-0"]
[WhiteElo "2430"]
[BlackElo "2370"]

1.e4 c5 2.Nf3 e6 3.d4 cxd4 4.Nxd4 Nf6 5.Nc3 Nc6 6.Ndb5 d6 7.Bf4 e5 8.Bg5 a6
9.Na3 b5 10.Bxf6 gxf6 11.Nd5 f5 12.g3 fxe4 13.Bg2 Be6 14.Bxe4 Bg7 15.Qh5 Rc8
16.O-O Ne7 17.Rad1 Rc5 18.Ne3 d5 19.b4 Rc7 20.c4 bxc4 21.f4 Qb8 22.f5 Qb6
23.Nc2 dxe4 24.fxe6 O-O 25.exf7+ Kh8 26.Kg2 Qe6 27.Qh3 Qxh3+ 28.Kxh3 Nc6
29.Rd6 Nb8 30.a4 Rfc8 31.Re6 Bf8 32.Re8 Nd7 33.Nd5 Rc6 34.Ne7 Rh6+ 35.Kg2 Rc7
36.Rd1 Rf6 37.Nd5 Rd6 38.Nce3 c3 39.Rc1 Rcc6 40.b5 axb5 41.axb5 Rc5 42.b6 Rb5
43.Rxc3 Kg7 44.Nf5+ Kxf7 45.Nxd6+ Bxd6 46.Rd8 Rb2+ 47.Kf1 Ke6 48.Nc7+ Ke7
49.Rh8 Nf8 50.Rc6 Ba3 51.Nd5+ Kf7 52.Rc7+ Ke6 53.Ra7 Kxd5 54.Rxa3 Ne6 55.Rxh7 Ng5
56.Ra5+ Ke6 57.Rh6+ Kf5 58.Rh5 Kg6 59.Rxg5+ Kxg5 60.Rxe5+ Kg4 61.Rxe4+ Kf3
62.Rf4+ Ke3 63.Rf6 Ke4 64.h4  1-0

[Event "Buenos Aires ol (Women)"]
[Site "Buenos Aires"]
[Date "1978.??.??"]
[Round "?"]
[White "Stretch, Winsome R"]
[Black "Gaprindashvili, Nona"]
[Result "0-1"]
[WhiteElo "2000"]
[BlackElo "2425"]

1.b3 e5 2.Bb2 Nc6 3.e3 d5 4.Bb5 Bd6 5.f4 Qh4+ 6.g3 Qe7 7.Qe2 a6 8.Bxc6+ bxc6
9.Nf3 Bg4 10.fxe5 Bxe5 11.Bxe5 Bxf3 12.Qxf3 Qxe5 13.d4 Qe7 14.c4 Nf6 15.Nc3 O-O
16.Kf2 Rfe8 17.Rae1 dxc4 18.bxc4 Qb4 19.Rc1 Qxc4 20.Ne2 Qxa2 21.Rxc6 Ne4+
22.Kg1 Ng5 23.Qf5 Qd2  0-1

[Event "Buenos Aires ol (Women)"]
[Site "Buenos Aires"]
[Date "1978.??.??"]
[Round "?"]
[White "Szmacinska, Grazyna"]
[Black "Gaprindashvili, Nona"]
[Result "0-1"]
[WhiteElo "2180"]
[BlackElo "2425"]

1.d4 g6 2.c4 Bg7 3.Nc3 d6 4.e4 Nd7 5.Be3 e5 6.d5 Nh6 7.h3 f6 8.Bd3 O-O 9.Qd2 Nf7
10.Nge2 Nc5 11.Bc2 f5 12.f3 Qh4+ 13.Bf2 Qe7 14.Be3 Bd7 15.b4 Na6 16.a3 c5
17.Rb1 b6 18.Bd3 Bf6 19.exf5 gxf5 20.b5 Nc7 21.Kd1 Rae8 22.Bc2 Kh8 23.Kc1 Rg8
24.Rg1 Rg7 25.Kb2 Reg8 26.g4 e4 27.f4 fxg4 28.hxg4 Rxg4 29.Rxg4 Rxg4 30.Rg1 Nh6
31.Ng3 Nf5 32.Nxe4 Nxe3 33.Qxe3 Bd4  0-1

[Event "Buenos Aires ol (Women)"]
[Site "Buenos Aires"]
[Date "1978.??.??"]
[Round "?"]
[White "Tagnon, Nicole"]
[Black "Gaprindashvili, Nona"]
[Result "0-1"]
[WhiteElo "1960"]
[BlackElo "2425"]

1.e4 d6 2.d4 Nf6 3.Nc3 g6 4.Be2 Bg7 5.Be3 c6 6.h4 h5 7.Nh3 Bxh3 8.Rxh3 Nbd7
9.f3 Qc7 10.Bc4 d5 11.Bb3 dxe4 12.fxe4 Ng4 13.Qf3 O-O-O 14.O-O-O Nxe3  0-1

[Event "Buenos Aires ol (Women)"]
[Site "Buenos Aires"]
[Date "1978.??.??"]
[Round "?"]
[White "Caldwell, Susan L"]
[Black "Gaprindashvili, Nona"]
[Result "0-1"]
[WhiteElo "2000"]
[BlackElo "2425"]

1.e4 g6 2.d4 Bg7 3.Nc3 d6 4.f4 Nf6 5.Nf3 O-O 6.e5 dxe5 7.dxe5 Qxd1+ 8.Kxd1 Nh5
9.Be2 Nc6 10.Be3 f6 11.exf6 Bxf6 12.g3 Ng7 13.Bc4+ Kh8 14.Ke2 Bg4 15.h3 Bxf3+
16.Kxf3 Bxc3  0-1

[Event "Buenos Aires ol (Women)"]
[Site "Buenos Aires"]
[Date "1978.??.??"]
[Round "?"]
[White "Gaprindashvili, Nona"]
[Black "Bellin, Jana"]
[Result "1/2-1/2"]
[WhiteElo "2425"]
[BlackElo "2000"]

1.e4 c5 2.Nf3 e6 3.d4 cxd4 4.Nxd4 a6 5.Bd3 Nc6 6.Be3 Nf6 7.O-O Ne5 8.Nf3 Nxd3
9.Qxd3 Be7 10.Nc3 d6 11.a4 O-O  1/2-1/2

[Event "Buenos Aires ol (Women)"]
[Site "Buenos Aires"]
[Date "1978.??.??"]
[Round "?"]
[White "Gaprindashvili, Nona"]
[Black "De la Rosa, E."]
[Result "1-0"]
[WhiteElo "2425"]
[BlackElo "2000"]

1.e4 c6 2.d4 d5 3.exd5 cxd5 4.c4 Nf6 5.Nc3 Nc6 6.Bg5 dxc4 7.d5 Ne5 8.Qd4 Qc7
9.Bf4 Nfd7 10.O-O-O a6 11.Re1 f6 12.Nf3 Nxf3 13.gxf3 Qb6 14.Qxb6 Nxb6 15.Bc7 Nd7
16.Ne4 Ne5 17.Bxe5 fxe5 18.f4 Bg4 19.fxe5 b5 20.Rg1 Bf5 21.Ng3 Bg4 22.Bg2 g6
23.h3 Bh6+ 24.Kc2 Bc8 25.d6 Ra7 26.Bc6+ Bd7 27.Bxd7+ Rxd7 28.Ne4 O-O 29.e6 Rxd6
30.Nxd6 exd6 31.Re2 Re8 32.Rd1 Bf4 33.Re4 g5 34.Rxf4 gxf4 35.Rxd6 a5 36.Kc3 Rc8
37.Kd4 b4 38.e7 Re8 39.Rd8 Kf7 40.Rxe8 Kxe8 41.Kxc4 Kxe7 42.Kb5 Kd6 43.Kxa5 Kc5
44.a4 bxa3 45.bxa3 f3 46.a4 h5 47.Ka6 Kd4 48.a5 Kd3 49.Kb6 Ke2 50.a6 Kxf2
51.a7 Kg1 52.a8=Q f2 53.Qg8+ Kh2 54.Qf7 Kg1 55.Qg6+ Kh2 56.Qf5 Kg1 57.Qg5+ Kh2
58.Qf4+ Kg2 59.Qe4+ Kh2 60.Qf3 Kg1 61.Qg3+ Kf1 62.Qg5 Ke1 63.Qxh5 f1=Q 64.Qa5+  1-0

[Event "Buenos Aires ol (Women)"]
[Site "Buenos Aires"]
[Date "1978.??.??"]
[Round "?"]
[White "Gaprindashvili, Nona"]
[Black "Ferrer Lucas, Pepita"]
[Result "1-0"]
[WhiteElo "2425"]
[BlackElo "2070"]

1.e4 e6 2.d4 d5 3.Nc3 Bb4 4.e5 c5 5.a3 Bxc3+ 6.bxc3 Qc7 7.Nf3 Nc6 8.Be2 f6
9.O-O Bd7 10.c4 fxe5 11.cxd5 Nxd4 12.Nxd4 cxd4 13.dxe6 Bxe6 14.Bb5+ Kd8 15.f4 Ne7
16.fxe5 Qxe5 17.Rb1 Nd5 18.Re1 Qf6 19.Bb2 Rf8 20.Bxd4 Qg6 21.Be5 Kc8 22.Qd4 Rf7
23.Qc5+ Nc7 24.Bxc7 Rxc7 25.Qf8+  1-0